MECHATRONICS (Record no. 5203)

MARC details
000 -LEADER
fixed length control field 00376nam a22001697a 4500
005 - DATE AND TIME OF LATEST TRANSACTION
control field 20170920122555.0
008 - FIXED-LENGTH DATA ELEMENTS--GENERAL INFORMATION
fixed length control field 160905b xxu||||| |||| 00| 0 eng d
020 ## - INTERNATIONAL STANDARD BOOK NUMBER
ISBN 978-0-07-46-3643-5
041 ## - LANGUAGE CODE
Language code of text/sound track or separate title eng
082 ## - DEWEY DECIMAL CLASSIFICATION NUMBER
Classification number 621
100 ## - MAIN ENTRY--AUTHOR NAME
Personal name HMT
245 ## - TITLE STATEMENT
Title MECHATRONICS
260 ## - PUBLICATION, DISTRIBUTION, ETC. (IMPRINT)
Name of publisher TATA MCHRAW HILL
Year of publication 2015
300 ## - PHYSICAL DESCRIPTION
Number of Pages 453
650 ## - SUBJECT ADDED ENTRY--TOPICAL TERM
Topical Term ENGINEERING
942 ## - ADDED ENTRY ELEMENTS (KOHA)
Koha item type Books
Holdings
Lost status Damaged status Collection code Home library Current library Shelving location Date acquired Source of acquisition Cost, normal purchase price Full call number Accession Number Copy number Koha item type
    Reference JRU Library   SHELF -72- F 05/09/2016 PURCHASE 550.00 621 21061 4 Books
      JRU Library   SHELF-44-I 05/09/2016 PURCHASE 550.00 621 21062 4 Books
      JRU Library   SHELF-44-I 05/09/2016 PURCHASE 550.00 621 21063 4 Books
      JRU Library   SHELF-44-I 05/09/2016 PURCHASE 550.00 621 21064 4 Books